000 00277nam a2200097Ia 4500
082 _aJ 523.8 JEFF
245 0 _aThe stars : glowing spheres in the sky
100 _a JEFFERIS, David New York, [c.2009]
_981564
942 _cBK
008 210817s9999 xx 000 0 und d
999 _c395301
_d395299